000 01073nam a22003257a 4500
003 OSt
005 20140310181742.0
008 040616s2004 nyuac b 000 0 eng d
010 _a 2004274870
020 _a0439531454 (pbk.)
035 _a(OCoLC)ocm55697078
040 _aMOU
_cMOU
_dBAKER
_dDLC
042 _alccopycat
050 0 0 _aLB 3013
_b.C456 2004
082 _aTRC 372.1
_bC36 2004
100 1 _aChang, Maria L.
_92526
245 1 0 _aClassroom management in photographs :
_bfull-color photographs with teacher descriptions and insights about what really works /
_cby Maria L. Chang.
260 _aNew York :
_bScholastic,
_cc2004.
300 _a96 p. :
_bcol. ill., col. ports. ;
_c28 cm.
440 0 _aTeaching strategies
_9408
500 _a"Teaching resources."
504 _aIncludes bibliographical references (p. 96).
521 8 _aFaculty
541 _j1
562 _e1
650 0 _aClassroom management.
_974
906 _a7
_bcbc
_ccopycat
_d2
_encip
_f20
_gy-gencatlg
942 _2lcc
_cBK-TR
_kTRC
999 _c2825
_d2825